00485nam a2200181Ia 450000500170000000800410001702000140005804000190007204100120009108200130010310000190011624500720013526000160020730000170022350400360024065000170027685000100029320221111100247.0131103s9999 xx 000 0 und d a330352857 aLoreto College aEnglish a131bCAM aCameron, Julia 4aThe vein of goldb a journey to your creative heart cJulia Cameron aLondonbPan a368p, 22.5cm aIncludes bibliography and index aCreativity  aLCLIB